000 01079nam a2200253 i 4500
001 190717
003 ES-MaACL
005 20240410103157.0
008 220520s1978 sp 000 0 spa
080 _a338.98(46)(043.2)
100 1 _aGonzález Portilla, Manuel.
_958878
245 1 0 _aCrecimiento económico en España, 1880-1913 /
_cpor Manuel González Portilla.
260 _aBarcelona :
_bUniversidad de Barcelona, [Facultad de Filosofía y Letras],
_c1978.
300 _a28 p. ;
_c22 cm.
502 _aTesis-Univ. Barcelona (Extracto)
594 _aPrecede al tít.: Universidad de Barcelona. Secretariado de Publicaciones, Intercambio Científico y Extensión Universitaria
651 4 _aEspaña-
_xSituación económica-
_y1885-1902.
_9163836
651 4 _aEspaña-
_xSituación económica-
_y1902-1931.
_9158843
655 _aTesis y escritos académicos
_9226867
710 2 _aUniversidad de Barcelona.
_bFacultad de Filosofía y Letras.
_97149
852 4 _aES-MaACL
_jP-1415 (131)
_9197899
_bR.68610
_cDEPO2
942 _2udc
999 _c190717
_d190717